The theory of economic growth / (Registro nro. 8731)

Detalles MARC
000 -LEADER
fixed length control field 00714nam a2200205Ia 4500
003 - CONTROL NUMBER IDENTIFIER
control field OSt
005 - DATE AND TIME OF LATEST TRANSACTION
control field 20220105122410.0
008 - FIXED-LENGTH DATA ELEMENTS--GENERAL INFORMATION
fixed length control field 210310s1955 eu fr 000 0 eng d
040 ## - CATALOGING SOURCE
Original cataloging agency CO-JMCR
Transcribing agency CO-JMCR
041 0# - LANGUAGE CODE
Language code of text/sound track or separate title eng
082 04 - DEWEY DECIMAL CLASSIFICATION NUMBER
Classification number 338.9 /
Item number L673t
Edition number 23
100 1# - MAIN ENTRY--PERSONAL NAME
Personal name Lewis, W. Arthur,
9 (RLIN) 18122
Relator term autor
245 14 - TITLE STATEMENT
Title The theory of economic growth /
Statement of responsibility, etc. W. Arthur Lewis
260 ## - PUBLICATION, DISTRIBUTION, ETC.
Place of publication, distribution, etc. Homewood :
Name of publisher, distributor, etc. Richard D. Irwin, Inc.,
Date of publication, distribution, etc. 1955.
300 ## - PHYSICAL DESCRIPTION
Extent 453 páginas ;
Dimensions 22 cm.
505 0# - FORMATTED CONTENTS NOTE
Formatted contents note The will to economize -- Economic institutions -- Knowledge -- Capital -- Population and resources -- Government
650 14 - SUBJECT ADDED ENTRY--TOPICAL TERM
Topical term or geographic name entry element Desarrollo económico.
9 (RLIN) 18124
650 24 - SUBJECT ADDED ENTRY--TOPICAL TERM
Topical term or geographic name entry element Desarrollo económico.
General subdivision Industrias.
9 (RLIN) 41838
942 ## - ADDED ENTRY ELEMENTS (KOHA)
Source of classification or shelving scheme Dewey Decimal Classification
Koha item type Books
Existencias
Withdrawn status Lost status Source of classification or shelving scheme Damaged status Not for loan Collection code Home library Current library Date acquired Source of acquisition Full call number Barcode Date last seen Copy number Koha item type
    Dewey Decimal Classification     Non-fiction Biblioteca Pública José María del Castillo y Rada Biblioteca Pública José María del Castillo y Rada 04/15/2018 Donación 338.9 / L673t 430006103 05/16/2024 Ej.1 Books